000 00248nam a22001217a 4500
008 170919b xxu||||| |||| 00| 0 eng d
041 _aeng
080 _a7
100 _a44
101 _aART
245 _aART FROM SCRAP
_cREED,C
942 _2udc
_cBK
999 _c28236
_d28236